000 08651nas1a22006251i 4500
001 RU\NLR\INFOCOMM19\1000057420
005 20240726040854.0
035 _a(NLR Aleph) 002507329
090 _a2647539
_c2647539
100 _a20040412b19321941|||y0rusy50 ca
101 0 _arus
102 _aRU
110 _azyu||||0|y0
200 1 _aТруды Ленинградского геологического управления
_fНКТП СССР. Глав. геол. упр.
207 1 _aВып.1-23
210 _aМ.
_aЛ.
_cГОНТИ
_cРед. горно-топливной и геол.-развед. литературы
_d1932-1941
430 0 _12001#$aВып.1 (1932)-4 (1933), 7 (1934) Труды Ленинградского геолого-разведочного треста
_tВып.1 (1932)-4 (1933), 7 (1934) Труды Ленинградского геолого-разведочного треста
430 0 _12001#$aВып.5 (1933) Труды Северо-Западного геолого-разведочного треста
_tВып.5 (1933) Труды Северо-Западного геолого-разведочного треста
430 0 _12001#$aВып.6 (1934), 8 (1935), 9 (1935) Труды Ленинградского геолого-гидро-геодезического треста
_tВып.6 (1934), 8 (1935), 9 (1935) Труды Ленинградского геолого-гидро-геодезического треста
430 0 _12001#$aВып.10 (1936)-12 (1936), 14 (1938)-18, 20 (1938) Труды Ленинградского геологического треста
_tВып.10 (1936)-12 (1936), 14 (1938)-18, 20 (1938) Труды Ленинградского геологического треста
710 0 2 _aЛенинградское геологическое управление
_4070
801 1 _aRU
_bInfoComm
_c20040412
801 0 _aRU
_bNLR
_gPSBO
852 _aNLR
_jП7/1107
_yс вып. 19 (1939)
852 _aNLR
_j33-19/378
942 _cSE
980 _aRUSPER